Proceedings of the International Conference on Semiconductor Physics: Prague, 29 August-2 September 1960
| Corporate Authors: | , |
|---|---|
| Sprog: | engelsk tysk fransk |
| Udgivet: |
Prague, Publishing House of the Czechoslovak Academy of Sciences, 1961
|
| Fag: | |
| Format: | MixedMaterials Bog |
| KOHA link: | https://koha.lib.tpu.ru/cgi-bin/koha/opac-detail.pl?biblionumber=350617 |
MARC
| LEADER | 00000nam0a2200000 4500 | ||
|---|---|---|---|
| 001 | 350617 | ||
| 005 | 20231101040448.0 | ||
| 035 | |a (RuTPU)RU\TPU\retro\4792 | ||
| 090 | |a 350617 | ||
| 100 | |a 20190211d1961 k y0engy50 ba | ||
| 101 | 0 | |a eng |a ger |a fre | |
| 102 | |a CZ | ||
| 105 | |a a z 101zy | ||
| 200 | 1 | |a Proceedings of the International Conference on Semiconductor Physics |e Prague, 29 August-2 September 1960 |f Czechoslovak Academy of Sciences | |
| 210 | |a Prague |c Publishing House of the Czechoslovak Academy of Sciences |d 1961 | ||
| 215 | |a 1133 p. |c il. | ||
| 317 | |5 63413507: КР-5995 |a Поступил в НТБ в 1987 г. в дар от вдовы ученого Е. К. Завадовской | ||
| 320 | |a Author Index: p. 1114-1120 | ||
| 606 | 1 | |a Полупроводники |x Физика |2 stltpush |3 (RuTPU)RU\TPU\subj\50622 | |
| 610 | 1 | |a твердые тела | |
| 610 | 1 | |a свойства | |
| 610 | 1 | |a зонная структура | |
| 610 | 1 | |a рассеяние | |
| 610 | 1 | |a теория переноса | |
| 610 | 1 | |a горячие электроны | |
| 610 | 1 | |a гальваномагнитные эффекты | |
| 610 | 1 | |a рекомбинация | |
| 610 | 1 | |a радиация | |
| 610 | 1 | |a оптические свойства | |
| 610 | 1 | |a экситоны | |
| 610 | 1 | |a фотопроводимость | |
| 610 | 1 | |a поверхностные явления | |
| 610 | 1 | |a резонансы | |
| 610 | 1 | |a термоэлектричество | |
| 610 | 1 | |a ионные кристаллы | |
| 610 | 1 | |a материалы | |
| 610 | 1 | |a английский язык | |
| 610 | 1 | |a немецкий язык | |
| 610 | 1 | |a французский язык | |
| 610 | 1 | |a библиотека А. А. Воробьева | |
| 610 | 1 | |a дары библиотеке | |
| 675 | |a 621.315.592:53(063) |v 4 | ||
| 712 | 0 | 2 | |a Czechoslovak Academy of Sciences |
| 712 | 1 | 2 | |a Proceedings of the International Conference on Semiconductor Physics |e Prague |f 1960 |4 570 |
| 801 | 1 | |a RU |b 63413507 |c 20190211 | |
| 801 | 2 | |a RU |b 63413507 |c 20190320 |g RCR | |
| 942 | |c BK | ||